Les plus gros transferts du football - Nés en 2002 - Statistiques

Statistiques générales
  • Ce quiz a été pris 84 fois
  • Le résultat moyen est 7 sur 10
Statistiques - réponses
Fee (M €) Season Nationality Left Joined Player % Correct
60,00 2023-2024 Belgique Stade Rennais Manchester City Jérémy Doku
97%
45,00 2023-2024 France Olympique Lyonnais Paris SG Bradley Barcola
95%
90,00 2023-2024 Croatie RB Leipzig Manchester City Josko Gvardiol
95%
36,80 2021-2022 Croatie Dinamo Zagreb RB Leipzig Josko Gvardiol
95%
47,00 2023-2024 Angleterre Manchester City Chelsea Cole Palmer
90%
38,00 2022-2023 Portugal Sporting CP Paris SG Nuno Mendes
71%
40,00 2023-2024 Pays-Bas Bayern Munich Liverpool Ryan Gravenberch
68%
35,00 2022-2023 Angleterre PSV Eindhoven Chelsea Noni Madueke
50%
40,00 2020-2021 Portugal FC Porto Wolverhampton Fábio Silva
23%
37,20 2023-2024 Angleterre Southampton Newcastle United Tino Livramento
21%
Aucun quiz correspondant
Distribution des résultats
% des personnes avec chaque résultat
Percentile par nombre de réponses
Votre historique - résultats
Vous n’avez pas pris ce quiz